Informatipue et capitalisme
Сохранить в:
| Главный автор: | |
|---|---|
| Формат: | |
| Язык: | Undetermined |
| Опубликовано: |
Paris
Francois Maspero
1972
|
| Предметы: | |
| Метки: |
Добавить метку
Нет меток, Требуется 1-ая метка записи!
|
| Thư viện lưu trữ: | Trung tâm Học liệu Trường Đại học Cần Thơ |
|---|
| LEADER | 00513nam a2200193Ia 4500 | ||
|---|---|---|---|
| 001 | CTU_84107 | ||
| 008 | 210402s9999 xx 000 0 und d | ||
| 082 | |a 330.12 | ||
| 082 | |b J33 | ||
| 100 | |a Janco, Manuel | ||
| 245 | 0 | |a Informatipue et capitalisme | |
| 245 | 0 | |c Manuel Janco, Daniel Furjot | |
| 260 | |a Paris | ||
| 260 | |b Francois Maspero | ||
| 260 | |c 1972 | ||
| 650 | |a Capitalism,Capitalism | ||
| 650 | |z France | ||
| 904 | |i Qhieu(sửa) | ||
| 980 | |a Trung tâm Học liệu Trường Đại học Cần Thơ | ||